000 00497nam a2200181 i 4500
001 38865
003 ES-MaACL
005 20230906155835.0
007 t|
008 030226s1923 sp ||||1| spa d
080 _a821.134.2-7"19"
100 1 _aCamba, Julio,
_d1882-1962
_934020
245 1 0 _aAventuras de una peseta /
_cJulio Camba.
260 _aMadrid :
_b[s.n.,
_c1923] (
_fGráficas Reunidas)
300 _a234 p. ;
_c19 cm.
852 _aES-MaACL
_jF-12819
999 _c38865
_d38865